Špecifiká účtovnej a daňovej analýzy
Hlavné ciele Medzinárodných účtovných štandardov pre verejný sektor - IPSAS (International Public Accounting Standards) je zabezpečiť porovnateľnosť účtovných závierok nielen medzi jednotlivými účtovnými jednotkami, ale aj medzi krajinami Európskej únie navzájom.
Enregistré dans:
| Auteur principal: | |
|---|---|
| Format: | Chapitre de livre |
| Langue: | slovaque |
| Sujets: | |
| Tags: |
Pas de tags, Soyez le premier à ajouter un tag!
|
MARC
| LEADER | 00000naa a2200000 4500 | ||
|---|---|---|---|
| 001 | 0219466 | ||
| 005 | 20240502073621.4 | ||
| 041 | 0 | |a slo | |
| 044 | |a SK | ||
| 245 | 1 | 0 | |a Špecifiká účtovnej a daňovej analýzy |c Ingrid Šabíková |
| 520 | |a Hlavné ciele Medzinárodných účtovných štandardov pre verejný sektor - IPSAS (International Public Accounting Standards) je zabezpečiť porovnateľnosť účtovných závierok nielen medzi jednotlivými účtovnými jednotkami, ale aj medzi krajinami Európskej únie navzájom. | ||
| 610 | 2 | 0 | |a systémy účtovné |
| 610 | 2 | 0 | |a zápisy účtovné podvojné |
| 610 | 2 | 0 | |a štandardy účtovné medzinárodné |
| 610 | 2 | 0 | |a závierka účtovná |
| 610 | 2 | 0 | |a jednotka účtovná |
| 610 | 2 | 0 | |a sektor verejný |
| 100 | 1 | |a Šabíková, Ingrid | |